000 01271nam a22002777a 4500
005 20170124102953.0
010 _aA-460713
020 _c60.00
035 _aA-460713
037 _bCen Lib/Ret
040 _aDPL
_bHN
082 _a
_bदासम
100 _aदास, मनोज
_92233
245 _aधूमाभ दिगन्त /
_cमनोज दास; अनुवादक राजेन्द्र प्रसाद मिश्र
246 _aDhoopmabh digant /
_bby Manoj Dsa; anuvadak Rajendra Prasad Mishra
260 _aनयी दिल्ली
_bभारतीय ज्ञानपीठ प्रकाशन
_c1990
270 _a18, इंस्टीट्युशनल एरिया., लोधी रोड
_bनयी दिल्ली
_e110003
300 _axiii, 148पृ.
_c21सेमी (सजिल्द)
500 _aपरिशिष्ट शामिल
650 _aहिन्दी साहित्य
_952230
650 _aहिन्दी उपन्यास
_952231
650 _aHindi literature
_952232
650 _aHindi novel
_952233
700 _aमिश्र, राजेन्द्र प्रसाद
_942563
942 _2ddc
_cHN
_h
_mदासम
999 _c113436
_d113436